|
|
|
|
| LEADER |
02234nam a2200577 i 4500 |
| 001 |
nkc20193157874 |
| 003 |
CZ PrNK |
| 005 |
20200108144611.0 |
| 007 |
ta |
| 008 |
191107s2019 xr f 100 0 eng |
| 015 |
|
|
|a cnb003157874
|
| 020 |
|
|
|a 978-80-210-9363-8
|q (brožováno)
|
| 035 |
|
|
|a (OCoLC)1135587929
|
| 040 |
|
|
|a BOA001
|b cze
|d ABA001
|e rda
|
| 072 |
|
7 |
|a 811.111
|x Angličtina
|2 Konspekt
|9 11
|
| 080 |
|
|
|a 811.111
|2 MRF
|
| 080 |
|
|
|a 801.73
|2 MRF
|
| 080 |
|
|
|a 81-116
|2 MRF
|
| 080 |
|
|
|a 81'1
|2 MRF
|
| 080 |
|
|
|a (062.534)
|2 MRF
|
| 080 |
|
|
|a (048.3)
|2 MRF
|
| 111 |
2 |
|
|a Functional Plurality of Language in Contextualised Discourse (konference)
|d (2019 :
|c Brno, Česko)
|7 mzk20191059388
|4 aut
|
| 245 |
1 |
0 |
|a Functional Plurality of Language in Contextualised Discourse :
|b eighth Brno conference on linguistics studies in English : book of abstracts : Brno, 12-13 September 2019 /
|c editors: Irena Hůlková, Radek Vogel
|
| 250 |
|
|
|a 1st edition
|
| 264 |
|
1 |
|a Brno :
|b Masaryk University Press,
|c 2019
|
| 300 |
|
|
|a 27 stran ;
|c 21 cm
|
| 336 |
|
|
|a text
|b txt
|2 rdacontent
|
| 337 |
|
|
|a bez média
|b n
|2 rdamedia
|
| 338 |
|
|
|a svazek
|b nc
|2 rdacarrier
|
| 500 |
|
|
|a 60 výtisků
|
| 650 |
0 |
7 |
|a angličtina
|7 ph114056
|2 czenas
|
| 650 |
0 |
7 |
|a diskurzivní analýza
|7 ph503054
|2 czenas
|
| 650 |
0 |
7 |
|a funkční lingvistika
|7 ph118864
|2 czenas
|
| 650 |
0 |
7 |
|a kontext (lingvistika)
|7 ph420387
|2 czenas
|
| 650 |
0 |
9 |
|a English language
|2 eczenas
|
| 650 |
0 |
9 |
|a discourse analysis
|2 eczenas
|
| 650 |
0 |
9 |
|a functional linguistics
|2 eczenas
|
| 650 |
0 |
9 |
|a context (linguistics)
|2 eczenas
|
| 655 |
|
7 |
|a sborníky konferencí
|7 fd133333
|2 czenas
|
| 655 |
|
7 |
|a abstrakta
|7 fd131780
|2 czenas
|
| 655 |
|
9 |
|a proceedings of conferences
|2 eczenas
|
| 655 |
|
9 |
|a abstracts
|2 eczenas
|
| 700 |
1 |
|
|a Hůlková, Irena,
|d 1978-
|7 xx0112320
|4 edt
|
| 700 |
1 |
|
|a Vogel, Radek,
|d 1971-
|7 mzk2003204024
|4 edt
|
| 910 |
2 |
|
|a BOA001
|b 2-1440.515
|
| 928 |
9 |
|
|a Masarykova univerzita
|
| 990 |
|
|
|a BK
|
| 995 |
|
|
|a 01
|
| 991 |
|
|
|b 201912
|c NOV
|
| 996 |
6 |
|
|b 2610808133
|c 2-1440.515
|l MZK
|r Sklad / do 1 hodiny
|n 0
|p p.v.
|w 001770333
|u 000010
|a 1
|e BOA001
|j MZK50
|s P
|
| 996 |
7 |
|
|b 2610808134
|c 2-1440.515
|l MZK
|r Sklad / do 1 hodiny
|n 0
|p p.v.
|w 001770333
|u 000020
|a 1
|e BOA001
|j MZK50
|s A
|